murder drones - Statistics

General Stats
  • This quiz has been taken 24 times
  • The average score is 13 of 39
Answer Stats
Answer % Correct
N
100%
uzi
100%
V
100%
J
95%
khan
85%
tessa
85%
doll
80%
cyn
75%
cyn
75%
nori
75%
lizzy
65%
thad
65%
teacher
45%
yeva
45%
beau
40%
alice
30%
rebecca
25%
louisa
20%
darren
15%
frank
15%
james
15%
emily
10%
sparky
10%
braiden
5%
grant
5%
kelsey
5%
makarov
5%
penny
5%
sam
5%
sarah
5%
tim
5%
todd
5%
absoulute solver
0%
dr.ridley
0%
mitchell
0%
reid
0%
riley
0%
ron
0%
ronothan
0%
No matching quizzes found
Score Distribution
Percent of People with Each Score
Percentile by Number Answered
Your Score History
You have not taken this quiz